Guess Kpop Idol through ANIME version - Statistics

General Stats
  • This quiz has been taken 46 times
    44 since last reset
  • The average score is 4 of 20
Answer Stats
Picture Answer % Correct
Rose
95%
Jennie
76%
Danielle
55%
Winter
37%
Wonyoung
37%
Irene
21%
Moka
13%
Seulgi
13%
Rora
11%
Tzuyu
11%
Lily
8%
Ryujin
8%
Sakura
8%
Bailey
5%
Eunha
5%
Ian
5%
Natty
5%
Yoon
5%
Anna
3%
Minnie
3%
No matching quizzes found
Score Distribution
Percent of People with Each Score
Percentile by Number Answered
Your Score History
You have not taken this quiz since the last reset